| 000 | 00826nam a2200265Ia 4500 | ||
|---|---|---|---|
| 003 | OSt | ||
| 005 | 20220927110930.0 | ||
| 006 | a|||||r|||| 00| 0 | ||
| 007 | ta | ||
| 008 | 220926b |||||||| |||| 00| 0 eng d | ||
| 024 | _a99849 | ||
| 037 | _cReports | ||
| 040 |
_aRTL _cRTL _beng |
||
| 041 |
_2eng _aeng |
||
| 082 | _a"X9(J381)P4,N54, J4/UN" | ||
| 110 | _aFOOD AND AGRICULTURAL ORGANIZATION. | ||
| 111 |
_areport (1954 : ) _9380963 |
||
| 245 | 0 | _a"Report of the special technical meeting on the economic aspects of the rice industry Rangoon,Burma." | |
| 260 |
_aRome _bFood and agriculture organisation publication _c1954 |
||
| 300 |
_a30p. _ccm. |
||
| 650 | _aRice | ||
| 700 | _aFOOD AND AGRICULTURAL ORGANIZATION. | ||
| 942 |
_h"X9(J381)P4,N54, J4/UN" _cCC |
||
| 999 |
_c698396 _d698396 |
||